Sensors for Vital Signs Monitoring (Record no. 30369)

MARC details
000 -LEADER
fixed length control field 01278nam a2200133Ia 4500
008 - FIXED-LENGTH DATA ELEMENTS--GENERAL INFORMATION
fixed length control field 220620s9999||||xx |||||||||||||| ||und||
020 ## - INTERNATIONAL STANDARD BOOK NUMBER
International Standard Book Number 9783040000000
245 #0 - TITLE STATEMENT
Title Sensors for Vital Signs Monitoring
546 ## - LANGUAGE NOTE
Language note English[eng]
650 ## - SUBJECT ADDED ENTRY--TOPICAL TERM
Topical term or geographic name entry element cardiopulmonary resuscitation (CPR)||electroencephalogram (EEG)||hemodynamic data||carotid blood flow (CBF)||cerebral circulation||frequency-shift keying radar||cross-correlation||envelope detection||continuous-wave radar||frequency discrimination||vital-signs monitoring||heartbeat accuracy improvement||heartbeat detection||absolute distance measurement||radar signal processing||3D+t modeling||coronary artery||non-rigid registration||cage deformation||4D CT||passenger detection||CW radar||radar feature vector||radar machine learning||wearable sensors||physiology||medical monitoring||vital signs||compensatory reserve||ultra-high resolution||cone-beam computed tomography||low-contrast object||optimal filter||modulation transfer function||noise power spectrum||doppler cardiogram||wavelet transform||denoising||mother wavelet function||decomposition level||signal decomposition||signal-to-noise-ratio
700 ## - ADDED ENTRY--PERSONAL NAME
Personal name Yang, Jong-Ryul||Hyun, Eugin||Kim, Sun Kwon
856 ## - ELECTRONIC LOCATION AND ACCESS
Uniform Resource Identifier <a href="https://mdpi.com/books/pdfview/book/4117">https://mdpi.com/books/pdfview/book/4117</a>
942 ## - ADDED ENTRY ELEMENTS (KOHA)
Koha item type E-Books
Holdings
Withdrawn status Lost status Damaged status Not for loan Home library Current library Date acquired Total Checkouts Date last seen Price effective from Koha item type
        Kerala University of Digital Sciences, Innovation and Technology Knowledge Centre Kerala University of Digital Sciences, Innovation and Technology Knowledge Centre 20/06/2022   20/06/2022 20/06/2022 E-Books